000 00754nam a2200265Ia 4500
003 OSt
005 20220918163220.0
006 a|||||r|||| 00| 0
007 ta
008 220917b |||||||| |||| 00| 0 eng d
020 _a0 333 21293 2
024 _a252,372
037 _cTextual
040 _aARTS
_cARTS
_beng
041 _2eng
_aeng
082 _aY:5v3.J30<--H48, L7
100 _aHatcher John
_912060
245 0 _aPlague population and the english economy 1348-1530
260 _aLondon
_bMacmillan Press UK
_c1977
300 _a95p.
_ccm.
490 _aStudies in economic and social history series
650 _aSOCIOLOGY
942 _hY:5v3.J30<--H48, L7
_cTEXL
_2CC
999 _c118507
_d118507